Mystical dimensions of Islam / (Record no. 185045)
[ view plain ]
| 000 -LEADER | |
|---|---|
| fixed length control field | 00809 a2200193 4500 |
| 003 - CONTROL NUMBER IDENTIFIER | |
| control field | NUST |
| 005 - DATE AND TIME OF LATEST TRANSACTION | |
| control field | 20221207182001.0 |
| 010 ## - LIBRARY OF CONGRESS CONTROL NUMBER | |
| LC control number | 73016112 |
| 020 ## - INTERNATIONAL STANDARD BOOK NUMBER | |
| International Standard Book Number | 0807812234 |
| 040 ## - CATALOGING SOURCE | |
| Transcribing agency | Nust |
| 082 00 - DEWEY DECIMAL CLASSIFICATION NUMBER | |
| Classification number | 297,SCH |
| 100 1# - MAIN ENTRY--PERSONAL NAME | |
| Personal name | Schimmel, Annemarie. |
| 9 (RLIN) | 46030 |
| 245 10 - TITLE STATEMENT | |
| Title | Mystical dimensions of Islam / |
| Statement of responsibility, etc. | Annemarie Schimmel |
| 260 ## - PUBLICATION, DISTRIBUTION, ETC. | |
| Place of publication, distribution, etc. | Chapel Hill, |
| Name of publisher, distributor, etc. | University of North Carolina Press |
| Date of publication, distribution, etc. | [1975] |
| 300 ## - PHYSICAL DESCRIPTION | |
| Extent | xxi, 506 p.: |
| Other physical details | illus. |
| Dimensions | 25 cm. |
| 505 ## - FORMATTED CONTENTS NOTE | |
| Formatted contents note | What Is Sufism (Page-3), Historical Outlines Of Classical Sufism (Page-23), The Foundations Of The Path (Page-98), Man And His Perfection (Page-187), Sufi Orders And Fraternities (Page-228), Theosophical Sufism (Page-259), The Rose And Nightingale (Page-287), Sufism In Indo-Pakistan (Page-344). |
| 650 #0 - SUBJECT ADDED ENTRY--TOPICAL TERM | |
| Topical term or geographic name entry element | Sufism. |
| 9 (RLIN) | 6129 |
| 942 ## - ADDED ENTRY ELEMENTS (KOHA) | |
| Source of classification or shelving scheme | |
| Koha item type | Book |
| Call number prefix | 297,SCH |
| Withdrawn status | Lost status | Source of classification or shelving scheme | Damaged status | Not for loan | Permanent Location | Current Location | Shelving location | Date acquired | Full call number | Barcode | Date last seen | Price effective from | Koha item type | Public note | Total Checkouts | Date last checked out |
|---|---|---|---|---|---|---|---|---|---|---|---|---|---|---|---|---|
| Central Library (CL) | Central Library (CL) | First Floor - Islam | 09/23/2020 | 297 SCH | CL1902 | 12/29/2023 | 09/23/2020 | Book | 1 | 02/27/2023 | ||||||
| Military College of Signals (MCS) | Military College of Signals (MCS) | General Stacks | 12/12/2016 | 297,SCH | MCS22031 | 12/08/2016 | 12/12/2016 | Book | Almirah No.47, Shelf No.1 |
